00397nam a22001337a 4500008004100000020001800041040005500059080002700114245003100141260003700172300001500209650001200224700002700236230608b |||||||| |||| 00| 0 eng d a0-306-41100-8 aNational Science LibrarycNational Science Library a620.17/.19(082.2) bM3 aScience of hard materials  aNew York: bPlenum Press, c1983 axi, 1011p. aScience aViswanadham, R K (Ed.)